[Event "Helsingor Xtracon op"]
[Site "Helsingor"]
[Date "2018.07.23"]
[Round "4"]
[White "Hansen, Simon L"]
[Black "Liabotro, Ola"]
[Result "0-1"]
[WhiteElo "1816"]
[BlackElo "2066"]
[PlyCount "68"]
[EventDate "2018.07.21"]
[EventType "swiss"]
[EventRounds "10"]
[EventCountry "DEN"]
[SourceTitle "CBM 185 Extra"]
[Source "ChessBase"]
[SourceDate "2018.07.29"]
[SourceVersion "1"]
[SourceVersionDate "2018.07.29"]
[SourceQuality "1"]

1. e4 c5 2. Nf3 Nc6 3. Bc4 e6 4. Nc3 Nf6 5. d4 d5 6. exd5 exd5 7. Qe2+ Be7 8. Bb5 0-0 9. dxc5 Bxc5 10. 0-0 Bg4 11. Qd1 Qa5 12. Be2 Rad8 13. Bd2 Rd7 14. a3 Qd8 15. Bg5 Be7 16. Nd4 Bxe2 17. Ncxe2 Qb6 18. Rb1 h6 19. Bh4 Re8 20. f3 Ng4 21. fxg4 Bxh4 22. Kh1 Ne5 23. Nf4 Bg5 24. Nh3 Nc4 25. Qd3 Re4 26. Nf3 Bf6 27. g5 hxg5 28. Nfxg5 Re3 29. Qh7+ Kf8 30. Qh8+ Ke7 31. Qg8 Nd2 32. Qxf7+ Kd8 33. Qf8+ Kc7 34. Rbd1 Nxf1 0-1

[Event "Fredericia M2"]
[Site "Fredericia"]
[Date "2018.05.11"]
[Round "1"]
[White "Jakobsen, Jonas Nybo"]
[Black "Hansen, Simon L"]
[Result "1-0"]
[WhiteElo "1915"]
[BlackElo "1860"]
[PlyCount "69"]
[EventDate "2018.05.09"]
[EventType "tourn"]
[EventRounds "5"]
[EventCountry "DEN"]
[SourceTitle "EXT 2023"]
[Source "ChessBase"]
[SourceDate "2022.10.05"]
[SourceVersion "1"]
[SourceVersionDate "2022.10.05"]
[SourceQuality "1"]

1. g3 Nf6 2. Bg2 d5 3. Nf3 c6 4. 0-0 Bf5 5. d3 e6 6. Nbd2 Be7 7. h3 h6 8. b3 0-0 9. Bb2 Nbd7 10. a3 Rc8 11. Re1 Qc7 12. e4 dxe4 13. dxe4 Bh7 14. e5 Nd5 15. c4 N5b6 16. Ne4 Bxe4 17. Rxe4 Rcd8 18. Qe2 Nc5 19. Re3 Rd7 20. Qc2 a5 21. Rae1 Rfd8 22. Bf1 Bf8 23. g4 Nc8 24. Bc3 Na6 25. g5 h5 26. g6 Bc5 27. Ng5 Bxe3 28. Rxe3 Re8 29. gxf7+ Rxf7 30. Qh7+ Kf8 31. Qh8+ Ke7 32. Qxh5 Ref8 33. Qg6 Nc5 34. b4 Rxf2 35. Be2 1-0

[Event "Helsingor Xtracon op"]
[Site "Helsingor"]
[Date "2017.07.30"]
[Round "10"]
[White "Hansen, Simon L"]
[Black "Jensen, Thore Nyboe"]
[Result "1/2-1/2"]
[WhiteElo "1819"]
[BlackElo "2016"]
[PlyCount "30"]
[EventDate "2017.07.22"]
[EventType "swiss"]
[EventRounds "10"]
[EventCountry "DEN"]
[SourceTitle "CBM 179 Extra"]
[Source "ChessBase"]
[SourceDate "2017.08.23"]
[SourceVersion "1"]
[SourceVersionDate "2017.08.23"]
[SourceQuality "1"]

1. e4 c5 2. Nf3 d6 3. d4 cxd4 4. Nxd4 Nf6 5. Nc3 a6 6. f3 e5 7. Nb3 Be6 8. Be3 d5 9. exd5 Nxd5 10. Nxd5 Bxd5 11. c4 Bb4+ 12. Bd2 Bxd2+ 13. Qxd2 Bc6 14. Qxd8+ Kxd8 15. Bd3 Kc7 1/2-1/2

[Event "Helsingor Xtracon op"]
[Site "Helsingor"]
[Date "2016.07.31"]
[Round "10"]
[White "Rasmussen, Henning Lau"]
[Black "Hansen, Simon L"]
[Result "0-1"]
[WhiteElo "1779"]
[BlackElo "1636"]
[PlyCount "138"]
[EventDate "2016.07.23"]
[EventType "swiss"]
[EventRounds "10"]
[EventCountry "DEN"]
[SourceTitle "CBM 173 Extra"]
[Source "ChessBase"]
[SourceDate "2016.08.29"]
[SourceVersion "1"]
[SourceVersionDate "2016.08.29"]
[SourceQuality "1"]

1. d4 Nf6 2. c4 g6 3. Nc3 Bg7 4. e4 d6 5. f4 0-0 6. Nf3 c5 7. dxc5 dxc5 8. Qxd8 Rxd8 9. e5 Ng4 10. h3 Nh6 11. Be3 b6 12. Rd1 Nc6 13. Rxd8+ Nxd8 14. Bd3 Bf5 15. Bxf5 Nxf5 16. Bf2 f6 17. exf6 Bxf6 18. g4 Nd6 19. Nd2 Nc6 20. Nd1 Nb4 21. a3 Nd3+ 22. Ke2 Nxf4+ 23. Ke3 e5 24. b3 Bg5 25. h4 Ng2+ 26. Kf3 Bxd2 27. Kxg2 Rd8 28. Bg3 e4 29. Bf2 Nf7 30. Be3 Ne5 31. Kg3 Bxe3 32. Nxe3 Rd3 33. Kf4 Rxb3 34. Kxe5 Rxe3 35. Rc1 Rxa3 36. Kxe4 Rb3 37. Kd5 a5 38. Kc6 a4 39. g5 a3 40. Ra1 Kg7 41. Rd1 a2 42. Rd7+ Kf8 43. Ra7 Rb2 44. Kd5 Rh2 45. Kc6 Rxh4 46. Kxb6 Rxc4 47. Rxa2 Rg4 48. Ra8+ Ke7 49. Ra7+ Kd6 50. Rxh7 Rxg5 51. Rc7 Ke6 52. Rc6+ Kf7 53. Kb5 Rf5 54. Kc4 Kg7 55. Kd3 Kh6 56. Ke4 Kg5 57. Ke3 Kh5 58. Ke4 Kg5 59. Ke3 Re5+ 60. Kf3 Kf5 61. Rc8 g5 62. Rf8+ Ke6 63. Kg4 Kd5 64. Rd8+ Kc4 65. Rb8 Kc3 66. Rb5 Kc4 67. Rb8 Kd4 68. Rd8+ Rd5 69. Ra8 c4 0-1